Psicología clinica (Registro nro. 5874)

Detalles MARC
000 -LEADER
fixed length control field 01335 a2200205 4500
001 - CONTROL NUMBER
control field 55029
005 - DATE AND TIME OF LATEST TRANSACTION
control field 20260407155826.0
008 - FIXED-LENGTH DATA ELEMENTS--GENERAL INFORMATION
fixed length control field 260407a1971 arg spa d
003 - CONTROL NUMBER IDENTIFIER
control field AR-UNSa-BCEJYS
040 ## - CATALOGING SOURCE
Original cataloging agency AR-UNSa-BCEJYS
Language of cataloging spa
Transcribing agency AR-UNSa-BCEJYS
080 ## - UNIVERSAL DECIMAL CLASSIFICATION NUMBER
Universal Decimal Classification number 1
Common auxiliary subdivision Filosofía. Psicología
100 1# - MAIN ENTRY--PERSONAL NAME
Personal name Mensh, Iván N.
245 10 - TITLE STATEMENT
Title Psicología clinica
Name of part/section of a work ciencia y profesión
264 #1 - PRODUCTION, PUBLICATION, DISTRIBUTION, MANUFACTURE, AND COPYRIGHT NOTICE
Place of production, publication, distribution, manufacture México :
Name of producer, publisher, distributor, manufacturer Centro Regional de Ayuda Técnica
Date of production, publication, distribution, manufacture, or copyright notice 1971
300 ## - PHYSICAL DESCRIPTION
Extent 225 p.
Dimensions 19 cm.
505 ## - FORMATTED CONTENTS NOTE
Formatted contents note Primera parte: Investigación y comentarios - 1. El desarrollo de la psicología clínica - 2. Las funciones de la psicología clínica - 3. Nuevas orientaciones de la psicología clínica - Segunda parte: Lecturas escogidas - 1. Una historia de la psicología experimental - 2. Cincunta años de psicología clínica: psicología clínica 1896-1946 - 3. Una breve historia de la psicología clínica - 4. Psicología clínica: la década de posguerra - 5. El psicólogo clínico - 6. Predicción clínica o predicción estadística - 7. Predicción clínica y predicción estadística: una reformulación y algunos datos nuevos - 8. Un estudio de la conducta humana: el psicólogo clínico - 9. El científico profesional: ¿puede lograrlo la psicología?
590 ## - LOCAL NOTE (RLIN)
Local note niveau_biblio:m niveau_hierar:0
700 1# - ADDED ENTRY--PERSONAL NAME
Personal name Mazía, Floreal
942 ## - ADDED ENTRY ELEMENTS (KOHA)
Koha item type
Existencias
Withdrawn status Lost status Damaged status Not for loan Home library Current library Shelving location Date acquired Total checkouts Full call number Barcode Date last seen Price effective from Koha item type
        Biblioteca Prof. Eusebio Cleto del Rey Biblioteca Prof. Eusebio Cleto del Rey   07/04/2026   1 M548 L23616 07/04/2026 07/04/2026 Libro